Visualizzazione normale
Vista MARC
- Ruiz Orsatti, Ricardo,
di Personal Name
Records bibliografici associati: 1
001 - CONTROL NUMBER
- control field: 65502
003 - CONTROL NUMBER IDENTIFIER
- control field: IT-RoINE
005 - DATE AND TIME OF LATEST TRANSACTION
- control field: 20191217062351.0
008 - FIXED-LENGTH DATA ELEMENTS
- fixed length control field: 191217|| aca||aabn | a|a d
040 ## - CATALOGING SOURCE
- Original cataloging agency: IT-RoINE
- Transcribing agency: IT-RoINE
100 ## - HEADING--PERSONAL NAME
- Personal name: Ruiz Orsatti, Ricardo,
- Dates associated with a name: n. 1871
670 ## - SOURCE DATA FOUND
- Source citation: Work cat.: (IT-RoINE)0: Ruiz Orsatti, Ricardo, n. 1871, Relaciones hispano marroquíes :, 1944.